Climate resilient technologies for sustainability of plantation crops: PLACROSYM XXIII: Book of abstracts, 6-8 March 2019, Central Coffee Research Institute, Chikkamagaluru, Karnataka, India (Record no. 44801)

MARC details
000 -LEADER
fixed length control field 00459nam a2200109Ia 4500
082 ## - DEWEY DECIMAL CLASSIFICATION NUMBER
Classification number 633(06)2019
Item number PLA.23
245 #0 - TITLE STATEMENT
Title Climate resilient technologies for sustainability of plantation crops: PLACROSYM XXIII: Book of abstracts, 6-8 March 2019, Central Coffee Research Institute, Chikkamagaluru, Karnataka, India
260 ## - PUBLICATION, DISTRIBUTION, ETC. (IMPRINT)
Place of publication Karnataka
Name of publisher Central Coffee Research Institute
Year of publication 2019
300 ## - PHYSICAL DESCRIPTION
Number of Pages 158p.
942 ## - ADDED ENTRY ELEMENTS (KOHA)
Koha item type Books
Holdings
Withdrawn status Lost status Damaged status Not for loan Home library Current library Date acquired Source of acquisition Full call number Accession Number Koha item type
        RRII Library RRII Library 16/12/2021 Gift 633(06)2019 PLA.23 G01544 Books